000 00455nam a2200193Ia 4500
003 OSt
005 20241126110328.0
008 160516b xxu||||| |||| 00| 0 eng d
020 _a0310925681
040 _cGBC
082 _a220.520814 NIV
100 _4Baeker, kenneth (ed.)
245 _aTHE NIV BIBLE STUDY
260 _bZONDERVAN PUBLISHING HOUSE,
_aGrand Rapids:
260 _cc1995
300 _a2172p.
653 _aBible--NIV
942 _2ddc
_cBK
999 _c39
_d39